WWE - Umaga's PPV Opponents - Statistics

General Stats
  • This quiz has been taken 648 times
  • The average score is 27 of 33
Answer Stats
Year Event Match Type Answer % Correct
2006 Survivor Series 5 vs. 5 Elimination Match John Cena
98%
2007 New Year's Revolution John Cena
98%
2007 Royal Rumble Last Man Standing Match John Cena
98%
2006 Survivor Series 5 vs. 5 Elimination Match Bobby Lashley
93%
2007 WrestleMania 23 Battle of the Billionaires Hair vs. Hair Match Bobby Lashley
93%
2007 Backlash 3-on-1 Handicap Match Bobby Lashley
93%
2007 Judgment Day 3-on-1 Handicap Match Bobby Lashley
93%
2007 No Mercy Triple H
93%
2007 Cyber Sunday Street Fight Triple H
93%
2007 Survivor Series 5 vs. 4 Handicap Elimination Match Triple H
93%
2008 No Way Out Elimination Chamber Match Triple H
93%
2008 WrestleMania XXIV Battle of the Brands Match Batista
88%
2007 The Great American Bash Jeff Hardy
87%
2007 Survivor Series 5 vs. 4 Handicap Elimination Match Jeff Hardy
87%
2008 No Way Out Elimination Chamber Match Jeff Hardy
87%
2008 One Night Stand Falls Count Anywhere Match Jeff Hardy
87%
2006 Unforgiven Kane
87%
2006 Cyber Sunday Kane
87%
2006 Survivor Series 5 vs. 5 Elimination Match Kane
87%
2007 Survivor Series 5 vs. 4 Handicap Elimination Match Kane
87%
2008 No Way Out Elimination Chamber Match Shawn Michaels
84%
2009 Judgment Day CM Punk
82%
2009 Extreme Rules Samoan Strap Match CM Punk
82%
2008 No Way Out Elimination Chamber Match Chris Jericho
76%
2007 Survivor Series 5 vs. 4 Handicap Elimination Match Rey Mysterio
72%
2007 Vengeance: Night of Champions Santino Marella
71%
2006 Backlash Ric Flair
68%
2007 SummerSlam Triple Threat Match Carlito
66%
2008 No Way Out Elimination Chamber Match John Bradshaw Layfield
65%
2007 SummerSlam Triple Threat Match Mr. Kennedy
56%
2006 Survivor Series 5 vs. 5 Elimination Match Rob Van Dam
56%
2006 Survivor Series 5 vs. 5 Elimination Match Sabu
37%
2006 Vengeance Eugene
31%
No matching quizzes found
Score Distribution
Percent of People with Each Score
Percentile by Number Answered
Your Score History
You have not taken this quiz